Syn času /

Fantasy román americké autorky je paranormální romancí, která využívá motivu dějinných zvratů a změn.

Hlavní autor: Harkness, Deborah E., 1965-
Další autoři: Diestlerová, Petra, 1972-
Jazyk: Čeština
Vydáno: Praha : Euromedia Group, 2025
Vydání: Vydání druhé
Témata:
Fyzický popis: 437 stran ; 20 cm
Knihy
Uloženo v:
LEADER 02498nam a2200493 i 4500
001 nkc20253720121
003 CZ PrNK
005 20260114103348.0
007 ta
008 251111s2025 xr g 000 f cze
015 |a cnb003720121 
020 |a 978-80-284-1235-7  |q (brožováno) 
035 |a (OCoLC)1572322002 
040 |a ABG001  |b cze  |e rda 
041 1 |a cze  |h eng 
072 7 |a 821.111(73)-3  |x Americká próza  |2 Konspekt  |9 25 
080 |a 821.111(73)-31  |2 MRF 
080 |a (0:82-312.9)  |2 MRF 
100 1 |a Harkness, Deborah E.,  |d 1965-  |7 jn20010601577  |4 aut 
240 1 0 |a Time's convert.  |l Česky 
245 1 0 |a Syn času /  |c Deborah Harkness ; přeložila Petra Diestlerová 
250 |a Vydání druhé 
264 1 |a Praha :  |b Euromedia Group,  |c 2025 
300 |a 437 stran ;  |c 20 cm 
336 |a text  |b txt  |2 rdacontent 
337 |a bez média  |b n  |2 rdamedia 
338 |a svazek  |b nc  |2 rdacarrier 
500 |a Přeloženo z angličtiny 
500 |a Na obálce uvedeno nakladatelství: Laser 
520 2 |a Fantasy román americké autorky je paranormální romancí, která využívá motivu dějinných zvratů a změn.  |b Na bojištích americké revoluce se Matthew de Clermont setká s Marcusem MacNeilem, a to v době, kdy se zdá, že svět stojí na prahu lepší budoucnosti. Matthew nabídne mladíkovi šanci na nesmrtelnost a nový život, Marcus se jí chopí a stane se upírem. Avšak jeho proměna není snadná. Skok do současné Paříže, kde se Phoebe Taylorová - mladá zaměstnankyně aukční síně Sotheby's, do níž se Marcus zamiloval - chystá na vlastní cestu k nesmrtelnosti. Phoebe s Marcusem brzy zjistí, že úskalí čekající na člověka, který se chce stát upírem, jsou stejně zrádná jako v 18. století. A stíny, kterým Marcus unikl už před staletími, se možná vrátí, aby je pronásledovaly oba - navždy. Nakladatelská anotace. Kráceno. 
655 7 |a americké romány  |7 fd131796  |2 czenas 
655 7 |a fantasy romány  |7 fd184199  |2 czenas 
655 9 |a American fiction  |2 eczenas 
655 9 |a fantasy novels  |2 eczenas 
700 1 |a Diestlerová, Petra,  |d 1972-  |7 jn20001103809  |4 trl 
787 0 8 |i Z cyklu:  |t Čas čarodějnic  |g 4 
910 2 |a BOA001  |b 1-1552.905 
920 |a 5173962  |z ABG001 
928 9 |a Laser 
928 9 |a Euromedia Group - Laser 
990 |a BK 
995 |a 01 
991 |b 202512  |c NOV 
996 6 |b 2611018968  |c 1-1552.905  |l MZK  |r Sklad / do 1 hodiny  |n 0  |p p.v.  |w 002026431  |u 000010  |a 1  |e BOA001  |j MZK50  |s P